Balkan Countries (With a Map) - Statistics

General Stats
  • This quiz has been taken 72 times
  • The average score is 13 of 14
Answers on the Map
Answers color-coded by a green-red scale on the quiz's map according to % correct below.
 
Answer Stats
Answer % Correct
Bosnia and Herzegovina
98%
Bulgaria
98%
Croatia
98%
Greece
98%
North Macedonia
96%
Romania
96%
Serbia
96%
Kosovo
94%
Albania
92%
Slovenia
92%
Montenegro
90%
Hungary
88%
Italy
80%
Turkey
55%
No matching quizzes found
Score Distribution
Percent of People with Each Score
Percentile by Number Answered
Your Score History
You have not taken this quiz